1828 1937 1161 1939 1699 1169 1534 1502 1166 1405 1666 1931 1546 1257 1884 1127 1394 1872 1830 1298 1929 1481 1083 1425 1985 1202 1897 1179 1162 1183 1680 1757 1375 1628 1438 1734 1394 1831 1197 1728 1085 1832 1061 1425 1448 1270 1920 1201 1655 1500 1756 1460 1447 1627 1546 1826 1283 1613 1668 1569 1646 1244 1866 1860 1275 1614 1593 1180 1364 1684 1160 1541 1165 1789 1192 1951 1195 1404 1641 1582 1624 1947 1269 1256 1934 1543 1449 1538 1238 1448 1684 1269 1594 1941 1938 1150 1717 1778 1223 BCNSPRNW ULIB Ver.6.0+V

เปลี่ยนเป็นภาษาไทย

Change to English
 แสดงรายละเอียดบรรณานุกรม
  กลับหน้าหลัก

Brief Record : Get Marc (ISO 2709) : E-mail record : QR code < ปิดหน้าต่าง
LEADER : 00000nam 2200000uu 4500
001    13399112202
003     ULIB
008    110801s2554||||th 000 0 tha d
020    97861625200684
090    นว.^bว264พ 2554
100 0  วรรณศุกร์
245 00 พระจันทร์หวานใจ/^cวรรณศุกร์
260    กรุงเทพฯ:^b1168 publishing,^c2554.
300    300 หน้า
945    ^p189^l0^i18458
995    เกษร
999 ^a ใช้งานได้ทุกระบบ
รายการนี้ยังไม่มีแท็ก
คุณยังไม่ได้ล็อกอิน คุณสามารถมีกิจกรรมร่วมกับเว็บไซต์ได้ แต่ต้องล็อกอินก่อน ::
  ล็อกอิน

รายการสื่อสารสนเทศ

ลำดับที่ ประเภท เลขเรียก/บาร์โค้ด สถานที่ สถานะ
1. นวนิยาย
นวนิยาย
นว. ว264พ 2554  
  Barcode: 18458
ห้องสมุดวิทยาเขตสวรรค์ประชารักษ์
►นวนิยาย
บนชั้น
  ขอยืม

รายการใกล้เคียง
    ผู้แต่ง [วรรณศุกร์]

BibComment


ยังไม่เคยถูกคอมเมนท์

คอมเมนท์ทรัพยากรรายการนี้
  คอมเมนท์: พระจันทร์หวานใจ ว..


 Copyright 2026. Bcnsprnw @Library